[Event "PHI-ch (Women)"]
[Site "Malolos City"]
[Date "2024.03.22"]
[Round "8"]
[White "San Diego, Marie Antoinette"]
[Black "Lacambra, Jarel Renz"]
[Result "1-0"]
[WhiteElo "2060"]
[BlackElo "1722"]
[PlyCount "123"]
[EventDate "2024.03.17"]
[EventType "tourn"]
[EventRounds "11"]
[EventCountry "PHI"]
[SourceTitle "CB13_2024"]
[SourceDate "2024.03.27"]
[SourceVersion "1"]
[SourceVersionDate "2024.03.27"]
[SourceQuality "1"]

1. d4 d5 2. c4 c6 3. Nf3 Nf6 4. Nc3 e6 5. Bg5 Be7 6. e3 h6 7. Bh4 0-0 8. Qc2 Nbd7 9. cxd5 exd5 10. Bd3 Nh5 11. Bxe7 Qxe7 12. 0-0 Re8 13. Rab1 Nhf6 14. b4 Ne4 15. b5 Nxc3 16. Qxc3 c5 17. dxc5 Nxc5 18. Rbc1 Nxd3 19. Qxd3 Be6 20. Rc3 Rac8 21. Rfc1 Rc4 22. Nd4 Rec8 23. h3 Qb4 24. Rxc4 Rxc4 25. Rb1 Qc5 26. Qd2 Bd7 27. Qa5 Kh7 28. Qd8 Be6 29. Kh2 Qa3 30. Qb8 Qxa2 31. Rf1 Rxd4 32. exd4 Qc4 33. Kg1 Qxb5 34. Qxa7 Qb4 35. Qc5 Qb2 36. Rd1 b5 37. Qc1 Qe2 38. Re1 Qd3 39. Qb1 Bf5 40. Qxd3 Bxd3 41. Re7 Kg6 42. f3 h5 43. h4 Bc4 44. Rb7 Kf6 45. Kf2 g6 46. g4 hxg4 47. fxg4 g5 48. Rb6+ Kg7 49. hxg5 Bd3 50. Ke3 Bf1 51. Kf4 Be2 52. Ke5 Bc4 53. g6 fxg6 54. g5 Kf7 55. Rb7+ Ke8 56. Kd6 Kf8 57. Kc5 Bd3 58. Rb8+ Ke7 59. Kxd5 Bc4+ 60. Ke5 Kd7 61. d5 Kc7 62. Rg8 1-0

[Event "PHI-ch (Women)"]
[Site "Malolos City"]
[Date "2024.03.21"]
[Round "7"]
[White "Lacambra, Jarel Renz"]
[Black "Fronda Pascua, Jan Jodilyn"]
[Result "1/2-1/2"]
[WhiteElo "1722"]
[BlackElo "2053"]
[PlyCount "57"]
[EventDate "2024.03.17"]
[EventType "tourn"]
[EventRounds "11"]
[EventCountry "PHI"]
[SourceTitle "CB13_2024"]
[SourceDate "2024.03.27"]
[SourceVersion "1"]
[SourceVersionDate "2024.03.27"]
[SourceQuality "1"]

1. d4 d5 2. Nf3 Nf6 3. Bf4 c5 4. c3 Qb6 5. Qc2 Nc6 6. e3 g6 7. Nbd2 Bg7 8. h3 Bf5 9. Qb3 Qxb3 10. axb3 cxd4 11. exd4 0-0 12. g4 Be4 13. Be2 Nd7 14. 0-0 Bxf3 15. Bxf3 e6 16. b4 a6 17. Nb3 Rac8 18. Rfe1 Rfe8 19. Bg3 Bf8 20. Bg2 Be7 21. f4 Bd6 22. Kf2 f5 23. g5 Kg7 24. Re2 Nf8 25. Rae1 Re7 26. h4 Rcc7 27. Bf3 Nd8 28. Ra1 Nc6 29. Rae1 1/2-1/2

[Event "PHI-ch (Women)"]
[Site "Malolos City"]
[Date "2024.03.18"]
[Round "3"]
[White "Lacambra, Jarel Renz"]
[Black "Sebastian, Mhage Gerriahlou"]
[Result "1-0"]
[WhiteElo "1722"]
[BlackElo "1839"]
[PlyCount "105"]
[EventDate "2024.03.17"]
[EventType "tourn"]
[EventRounds "11"]
[EventCountry "PHI"]
[SourceTitle "CB13_2024"]
[SourceDate "2024.03.27"]
[SourceVersion "1"]
[SourceVersionDate "2024.03.27"]
[SourceQuality "1"]

1. d4 g6 2. Nf3 Bg7 3. Bg5 c5 4. c3 d5 5. e3 Nf6 6. Nbd2 Qb6 7. Qc2 Bf5 8. dxc5 Qxc5 9. Qb3 Nc6 10. h3 0-0 11. Be2 e5 12. Bxf6 Bxf6 13. 0-0 Rfe8 14. Rfe1 a6 15. Rac1 b5 16. a4 Rab8 17. axb5 axb5 18. Nf1 Na5 19. Qb4 Qc7 20. Ra1 Nc4 21. Qb3 Rb6 22. Red1 Qc6 23. Ng3 Be6 24. Qc2 Reb8 25. b3 Nd6 26. b4 Rc8 27. Ra3 h5 28. h4 Ra6 29. Rxa6 Qxa6 30. Qb2 Qc6 31. Qa3 Qxc3 32. Qa5 Qc6 33. Qa1 Qc3 34. Qa5 Rb8 35. Qa7 Rb7 36. Qa5 Qc7 37. Qa1 Ra7 38. Qb1 Nc4 39. Nf1 Ra4 40. e4 d4 41. Rc1 Be7 42. N1d2 Rxb4 43. Qa2 Ra4 44. Qc2 Qa5 45. Nb3 Qb4 46. Nbxd4 exd4 47. Nxd4 Na3 48. Qc7 Qxd4 49. Qxe7 Qd2 50. Rd1 Qxe2 51. Rd8+ Kh7 52. Qf6 Qe1+ 53. Kh2 1-0